000 00202 a2200097 4500
001 1181
100 _aMorley, A
245 _aElectrical engineering science
260 _a
_bGreen
_c
090 _c743
_d743
942 _aNUST-CAE
_cM
_c34078
999 _c236254
_d236254